Bártfafürdő Erzsébet királyné szálloda, gyógyterem és kávéház

Zobrazenie: Pohľad zo strany, sprava, z chodníka na rad budov vľavo, pred ktorými je rad stromčekov a trávnik, na ktorom stoja štyria muži a jedna žena. V popredí na chodníku vpravo stojí ďalší muž a vľavo je stromček a pri ňom krík

Bibliographic Details
Format: Postcard
Language:Hungarian
PhysicalDescription:1 pohľadnica tónovaná do zelena 9 x 14 cm
Published: Eperjes Divald Karoly fia [medzi 1905 a 1931?]
Subjects:

MARC

LEADER 00000nkm a2200000 a 4500
001 vtls011899605
003 SK-MaSNL
005 20260512124838.0
007 kp ao
008 231120q1905 xo g kuhun
015 |a SNBG 
035 |a urn:nbn:sk:snk-km00ecuw 
035 |a urn:nbn:sk:snk-km43ecd 
035 |a 316DA352-12B3-4EFB-B924-4AC5F9A2F179 
040 |a SNK  |b slo  |c SNK  |e AACR2 
041 0 |a hun 
043 |a e-xo--- 
044 |a xo  |c SK 
072 7 |a 913  |x Regionálna geografia  |2 konspekt 
080 |a 913(437.6)  |2 2011 
080 |a 711.455:615.838  |2 2011 
080 |a 614.2:[725.1:614.21]  |2 2011 
080 |a (084.121)  |2 2011 
080 |a 640.412  |2 2011 
080 |a 728.5  |2 2011 
245 0 0 |a Bártfafürdő  |h grafika  |b Erzsébet királyné szálloda, gyógyterem és kávéház 
260 |a Eperjes  |b Divald Karoly fia  |c [medzi 1905 a 1931?] 
300 |a 1 pohľadnica  |b tónovaná do zelena  |c 9 x 14 cm 
500 |a Názvové údaje prevzaté z obrazovej časti pohľadnice 
500 |a Na adresnej časti uvedené: "231/b" 
520 8 |a Zobrazenie: Pohľad zo strany, sprava, z chodníka na rad budov vľavo, pred ktorými je rad stromčekov a trávnik, na ktorom stoja štyria muži a jedna žena. V popredí na chodníku vpravo stojí ďalší muž a vľavo je stromček a pri ňom krík 
610 2 7 |a Bardejovské Kúpele (Slovensko)  |2 SNKKA  |9 186531 
610 2 7 |a Hotel Alžbeta (Bardejov, Slovensko)  |2 SNKKA  |9 585354 
650 0 7 |a kúpele  |2 SNKPH  |9 1139 
650 0 7 |a liečebne  |2 SNKPH  |9 56920 
650 0 7 |a hotely  |2 SNKPH  |9 18422 
651 7 |a Bardejovské Kúpele (Bardejov, Slovensko)  |2 SNKPHgeo  |9 187552 
655 7 |a miestne pohľadnice  |2 SNKPH  |9 70510 
752 |a Slovensko  |d Prešov 
852 |a Slovenská národná knižnica 
954 |a pohľadnice pôvodné (slovenské)  |2 lita 
958 |a OND 
958 |a GBN 
958 |a GC 
958 |a EUIPO 
999 |c 949464  |d 951394 
952 |a SNK  |b SNK  |y PREZ  |7 0  |p 17A1379299  |o snkSP 60094  |0 0  |1 0  |4 0  |d 2019-11-12  |f 1  |l 0  |r 2026-02-24 09:44:29  |w 2026-02-24